| 000 | 00424cam a2200169ua 4500 | ||
|---|---|---|---|
| 020 | _c47.5 | ||
| 041 |
_aeng _h |
||
| 082 |
_a537 _bPEC/EL |
||
| 100 | _aPeck, Edson Ruther . | ||
| 245 |
_aElectricity and magnetism / _cEdson Ruther Peck. _hTextual Documents |
||
| 260 |
_aNew York : _bMcGraw Hill Book Company , _c1953. |
||
| 300 | _a476 ; . | ||
| 365 | _a47.5 | ||
| 504 | _a | ||
| 942 | _cBK | ||
| 999 |
_c7256 _d7256 |
||